MARC details
| 000 -CABECERA |
| campo de control de longitud fija |
02963nam a2200349 a 4500 |
| 001 - NÚMERO DE CONTROL |
| campo de control |
000025282 |
| 003 - IDENTIFICADOR DEL NÚMERO DE CONTROL |
| campo de control |
DO-SdBNP |
| 005 - FECHA Y HORA DE LA ÚLTIMA TRANSACCIÓN |
| campo de control |
20240409122244.0 |
| 007 - CAMPO FIJO DE DESCRIPCIÓN FÍSICA--INFORMACIÓN GENERAL |
| campo de control de longitud fija |
ta |
| 008 - DATOS DE LONGITUD FIJA--INFORMACIÓN GENERAL |
| campo de control de longitud fija |
110214s1984 dr ac 000 0 spa d |
| 040 ## - FUENTE DE LA CATALOGACIÓN |
| Centro catalogador/agencia de origen |
DO-SdBNP |
| Lengua de catalogación |
spa |
| Centro/agencia transcriptor |
BNPHU |
| 082 ## - NÚMERO DE LA CLASIFICACIÓN DECIMAL DEWEY |
| Número de clasificación |
972.93 |
| Número de documento/Ítem |
V768m, 1984 |
| Número de edición |
22 |
| 100 1# - ENTRADA PRINCIPAL--NOMBRE DE PERSONA |
| Nombre de persona |
Vincent Cepeda, Altagracia |
| 9 (RLIN) |
43279 |
| 245 10 - MENCIÓN DE TÍTULO |
| Título |
Manual de historia de américa : |
| Resto del título |
(desarrollo conforme al programa del primer teórico de la República Dominicana) / |
| Mención de responsabilidad, etc. |
Altagracia Vincent Cepeda. |
| 250 ## - MENCIÓN DE EDICIÓN |
| Mención de edición |
13va ed. corr. y amp. |
| 260 ## - PUBLICACIÓN, DISTRIBUCIÓN, ETC. |
| Lugar de publicación, distribución, etc. |
Santo Domingo : |
| Fabricante |
Amigo del Hogar, |
| Fecha de publicación, distribución, etc. |
[1984?]. |
| 300 ## - DESCRIPCIÓN FÍSICA |
| Extensión |
248 p. : |
| Otras características físicas |
il., retr. ; |
| Dimensiones |
24 cm. |
| 500 ## - NOTA GENERAL |
| Nota general |
Incluye bibliografía, pg. 344 |
| 505 1# - NOTA DE CONTENIDO CON FORMATO |
| Nota de contenido con formato |
Cap. I : |
| Título |
Objetivo y división de la historia de América. diversas teorías acerca del origen del hombre americano. cuadro general de los principales pueblos indígenas antes del descubrimiento, y su distribución geográfica. los viajes colombinos de los normandos a América del Norte.- |
| 505 1# - NOTA DE CONTENIDO CON FORMATO |
| Nota de contenido con formato |
Cap. II : |
| Título |
La civilización de los pueblos indígenas de México. toltecas y chichimecas. los aztecas: organización política y social, y régimen económico. Arte, cultura y ciencias y religión. restos de esta civilización. los mayas: su civilización. las ruinas mayas.- |
| 505 1# - NOTA DE CONTENIDO CON FORMATO |
| Nota de contenido con formato |
Cap. III : |
| Título |
El imperio incaico. origen de este pueblos. organización social, política y económica. el régimen agrario incaico. arte, religión, cultura y cívica. las ruinas incaicas. los chibchas de Colombia: su civilización. breve noticia histórico-geográfica de los otros pueblos indígenas de América precolombina. |
| 505 1# - NOTA DE CONTENIDO CON FORMATO |
| Nota de contenido con formato |
Cap. IV : |
| Título |
El descubrimiento de América. estado de los descubrimientos geográficos en la época. los viajes de los portugueses. Cristóbal Colon: su vida hasta el descubrimiento. los reyes católicos y Colón. las capitulaciones de Santa Fe. primer viaje: consecuencias. segundo viaje. tercero y cuarto viajes de Colón. colón y Américo Vespucio; el nombre de América. muerte de Colón y lugar donde se hallan sus restos. la isla española centro del descubrimiento y conquista de América. |
| 505 1# - NOTA DE CONTENIDO CON FORMATO |
| Nota de contenido con formato |
Cap. V : |
| Título |
las bulas de Alejandro VI, la línea de demarcación y el tratado de Tordecillas. la junta de Burgos y la escuela Náutica de Sevilla. los viajes menores: Ojeda, Alonso Niño, Bastidas, Juan de la Cosa y Diego de Lepe. Vicente Yáñez Pinzón y el río amazonas. Díaz de Solís y el río de la Plata. Hernando de Soto y el Mississipi. |
| 505 1# - NOTA DE CONTENIDO CON FORMATO |
| Nota de contenido con formato |
Cap. VI : |
| Título |
Vasco Núñez de Balboa y el descubrimiento del Mar del Sur |
| 590 ## - NOTA LOCAL (RLIN) |
| Nota local |
Inventariado, 2021 / DG |
| 651 #4 - PUNTO DE ACCESO ADICIONAL DE MATERIA--NOMBRE GEOGRÁFICO |
| Nombre geográfico |
República Dominicana |
| Subdivisión cronológica |
ÉPOCA PREHISPÁNICA, 1942- |
| 9 (RLIN) |
51801 |
| 651 #4 - PUNTO DE ACCESO ADICIONAL DE MATERIA--NOMBRE GEOGRÁFICO |
| Nombre geográfico |
América |
| Subdivisión cronológica |
DESCUBRIMIENTO Y CONQUISTA |
| 9 (RLIN) |
51802 |
| 651 #0 - PUNTO DE ACCESO ADICIONAL DE MATERIA--NOMBRE GEOGRÁFICO |
| Nombre geográfico |
República Dominicana -- |
| Subdivisión general |
Historia -- |
| Subdivisión cronológica |
Colonia, 1503-1844 |
| 9 (RLIN) |
11397 |
| 651 #4 - PUNTO DE ACCESO ADICIONAL DE MATERIA--NOMBRE GEOGRÁFICO |
| Nombre geográfico |
República Dominicana |
| Subdivisión general |
Historia |
| Subdivisión cronológica |
1844- |
| 9 (RLIN) |
2805 |
| 910 ## - DATOS DE OPCIÓN DEL USUARIO (OCLC) |
| Datos de opción del usuario |
Inventariado, 2021 / DG |
| 942 ## - ELEMENTOS DE PUNTO DE ACCESO ADICIONAL (KOHA) |
| Fuente del sistema de clasificación o colocación |
Dewey Decimal Classification |
| Tipo de ítem Koha |
Libro |